| 000 | 00366nam a22001337a 4500 | ||
|---|---|---|---|
| 020 | _a9780070606081 | ||
| 040 | _cNust | ||
| 082 |
_a629.892 _bSTA |
||
| 100 |
_aWolfram Stadler _9125719 |
||
| 245 | _aAnalytical Robotics and Mechatronics | ||
| 260 |
_aNew York: _bMcGraw-Hill, _c1995. |
||
| 650 |
_aAnalytical Robotics and Mechatronics _9125720 |
||
| 942 |
_2ddc _cBK |
||
| 999 |
_c611420 _d611420 |
||